| 000 | 01489 am a2200409 a 4500 | ||
|---|---|---|---|
| 005 | 20220817085813.0 | ||
| 008 | 100415s1984||||ag a f |||| 001 0 spa d | ||
| 020 | _a9505051441 | ||
| 041 | _aspa | ||
| 092 |
_c612.4 _aMOG _l53 |
||
| 100 | 1 |
_aMoguilevsky, Jaime A. _9243 |
|
| 245 |
_aNeuroendocrinología / _cJaime A. Moguilevsky. |
||
| 250 | _a1a ed. | ||
| 260 |
_aBuenos Aires : _bLópez Libreros Editores, _c1984. |
||
| 300 | _a332 p. | ||
| 500 | _aMoguilevsky, J. A. y Faigón, M. R. (1984). Neuroendocrinología. (1a ed.) Buenos Aires: López Libreros ediciones | ||
| 653 | _aNeuroendocrinología | ||
| 653 | _aNeurosecreción. Anatomiía funcional del eje hipotalamo hiposisario | ||
| 653 | _aHormonas o factores hipotalamicos | ||
| 653 | _aMecanismos de regulación | ||
| 653 | _aNeurotrasmisores y neuroendocrinología | ||
| 653 | _aEndorfinas y neuroendrocrinología | ||
| 653 | _aProstaglandinas y neuroendrocrinología | ||
| 653 | _aGlándula pineal | ||
| 653 | _aEje hipotálamo-hipofiso tiroideo | ||
| 653 | _aEje hipotálamo-hipofiso ovarico | ||
| 653 | _aEje hipotálamo-hipofiso testicular | ||
| 653 | _aProlactina | ||
| 653 | _aNeuroendocrinología de la pubertad | ||
| 653 | _aSomatotrofina | ||
| 653 | _aEje hipotalamo-hipofisio-corticosuprarrenal | ||
| 653 | _aNeuroendocrinologia de la menopausia | ||
| 653 | _aFisiopatología de la secrecion de MSH | ||
| 700 | 1 |
_aFaigón, María Rosa. _9264 |
|
| 930 | _a1827 | ||
| 942 |
_2ddc _cBK |
||
| 999 |
_c256 _d256 |
||